| 000 | 01343cam a22003371 4500 | ||
|---|---|---|---|
| 001 | 29107 | ||
| 003 | BD-RjUL | ||
| 005 | 20211209051355.0 | ||
| 008 | 140402r19501923enka b 001 0 eng | ||
| 035 | _a(BD-RjUL)29192 | ||
| 040 |
_aDLC/ICU _cICU _dDLC _beng |
||
| 041 | 1 | _aengdut | |
| 082 |
_a150.1952 _bHOC 1950 |
||
| 100 | 1 |
_aHoop, J. H. van der _q(Johannes Hermanus), _d1887-1950. _988878 |
|
| 245 | 1 | 0 |
_aCharacter and the unconscious : _ba critical exposition of the psychology of Freud and of Jung / _cby J.H. van der Hoop. Authorized translation by Elizabeth Trevelyan. |
| 260 |
_aLondon ; _bK. Paul, Trench, Trubner & co., ltd.; _aNew York : _bHarcourt, Brace & company, inc., _c1923 [impression 1950] |
||
| 300 |
_aviii, 222 p., 1 l. : _bill. ; _c23 cm. |
||
| 504 | _aBibliography: p. 219-220. | ||
| 504 | _aIncludes index. | ||
| 600 | 1 | 0 |
_aFreud, Sigmund, _d1856-1939. _988889 |
| 600 | 1 | 0 |
_aJung, C. G. _q(Carl Gustav), _d1875-1961. _95179 |
| 650 | 0 |
_aPsychoanalysis. _988880 |
|
| 650 | 0 |
_aSubconsciousness. _988881 |
|
| 650 | 0 |
_aCharacters and characteristics. _988882 |
|
| 700 | 1 |
_aTrevelyan, Elizabeth, _etr. _988883 |
|
| 942 |
_2ddc _cBK |
||
| 999 |
_c29107 _d29107 |
||